Guide line for study staff course entrance exam (Record no. 551524)
[ view plain ]
| 000 -LEADER | |
|---|---|
| fixed length control field | 00354nam a22001337a 4500 |
| 082 ## - DEWEY DECIMAL CLASSIFICATION NUMBER | |
| Classification number | 355 |
| Author Mark | GUI |
| -- | DON |
| 100 ## - MAIN ENTRY--PERSONAL NAME | |
| Personal name | STD |
| 9 (RLIN) | 48662 |
| 245 ## - TITLE STATEMENT | |
| Title | Guide line for study staff course entrance exam |
| 300 ## - PHYSICAL DESCRIPTION | |
| Extent | 333 p. |
| Other physical details | ill. |
| 526 ## - STUDY PROGRAM INFORMATION NOTE | |
| Program name | 0 |
| Interest level | 0 |
| Reading level | 0 |
| Title point value | 355_000000000000000_GUI |
| 526 ## - STUDY PROGRAM INFORMATION NOTE | |
| Program name | 0 |
| Interest level | 0 |
| Reading level | 0 |
| Title point value | 355_000000000000000_GUI |
| 650 ## - SUBJECT ADDED ENTRY--TOPICAL TERM | |
| Topical term or geographic name entry element | MCE |
| 9 (RLIN) | 379 |
| 942 ## - ADDED ENTRY ELEMENTS (KOHA) | |
| Source of classification or shelving scheme | |
| Koha item type | Book |
| Withdrawn status | Lost status | Source of classification or shelving scheme | Damaged status | Not for loan | Permanent Location | Current Location | Date acquired | Total Checkouts | Full call number | Barcode | Date last seen | Copy number | Price effective from | Koha item type |
|---|---|---|---|---|---|---|---|---|---|---|---|---|---|---|
| Military College of Engineering (MCE) | Military College of Engineering (MCE) | 12/17/2014 | 355 GUI | MCE-34946 | 12/17/2014 | 2003 | 12/17/2014 | Book | ||||||
| Military College of Engineering (MCE) | Military College of Engineering (MCE) | 12/17/2014 | 355 GUI | MCE-34945 | 12/17/2014 | 2003 | 12/17/2014 | Book |
